Catálogo
 En Linea

Morfosintaxis hispánica : (Registro nro. 38382)

Detalles MARC
000 -CABECERA
campo de control de longitud fija 00683nam a2200181 a 4500
001 - NÚMERO DE CONTROL
campo de control 000038892
005 - FECHA Y HORA DE LA ÚLTIMA TRANSACCIÓN
campo de control 20201002031417.0
008 - DATOS DE LONGITUD FIJA--INFORMACIÓN GENERAL
campo de control de longitud fija 130501s2001 dr 000 0 spa d
020 ## - NÚMERO INTERNACIONAL ESTÁNDAR DEL LIBRO
Número Internacional Estándar del Libro 9993482870
040 ## - FUENTE DE LA CATALOGACIÓN
Centro catalogador/agencia de origen DO-SdBNP
Lengua de catalogación spa
Centro/agencia transcriptor BNPHU
100 1# - ENTRADA PRINCIPAL--NOMBRE DE PERSONA
Nombre de persona González Tapia, Carlisle
9 (RLIN) 17929
245 10 - MENCIÓN DE TÍTULO
Título Morfosintaxis hispánica :
Resto del título (un enfoque actual de la gramática) /
Mención de responsabilidad, etc. Carlisle González Tapia.
260 ## - PUBLICACIÓN, DISTRIBUCIÓN, ETC.
Lugar de publicación, distribución, etc. Santo Domingo :
Nombre del editor, distribuidor, etc. Universidad Autónoma de Santo Domingo,
Fecha de publicación, distribución, etc. 2001.
300 ## - DESCRIPCIÓN FÍSICA
Extensión 154 p. ;
Dimensiones 28 cm.
490 1# - MENCIÓN DE SERIE
Mención de serie Universidad Autónoma de Santo Domingo
Designación de volumen o secuencia v. 1011
500 ## - NOTA GENERAL
Nota general Incluye notas al pie de las páginas
830 #0 - PUNTO DE ACCESO ADICIONAL DE SERIE-TÍTULO UNIFORME
Título uniforme Universidad Autónoma de Santo Domingo
Designación de volumen o secuencia v. 1011
9 (RLIN) 17164
Existencias
Estado de retiro Estado de pérdida No para préstamo Código de colección Localización permanente Ubicación/localización actual Ubicación en estantería Fecha de adquisición Número de inventario Total de préstamos Signatura topográfica completa Código de barras Fecha visto por última vez Precio válido a partir de Tipo de ítem Koha
    Excluido de préstamo Patrimonio Dominicano Patrimonio Dominicano Patrimonio Dominicano En catalogación 01.05.2013 LF1   38892-10 25.06.2020 25.06.2020 Libro y Folleto Colección Patrimonio Dominicano

Con tecnología Koha